Sustainable brownfield regeneration (Record no. 107643)

MARC details
000 -LEADER
fixed length control field 01429cad a22003135a 4500
001 - CONTROL NUMBER
control field L141393
008 - FIXED-LENGTH DATA ELEMENTS--GENERAL INFORMATION
fixed length control field 071121s2007 xxkado f 000 0 eng d
020 ## - INTERNATIONAL STANDARD BOOK NUMBER
International Standard Book Number 9781405144032
-- 9780470691403
035 ## - SYSTEM CONTROL NUMBER
System control number (Sirsi) u141393
041 0# - LANGUAGE CODE
Language code of text/sound track or separate title eng
050 04 - LIBRARY OF CONGRESS CALL NUMBER
Classification number 333.77 $2 22
245 00 - TITLE STATEMENT
Title Sustainable brownfield regeneration
Medium [electronic resource]
260 ## - PUBLICATION, DISTRIBUTION, ETC.
Place of publication, distribution, etc. Oxford
Name of publisher, distributor, etc. Blackwell
Date of publication, distribution, etc. 2007
300 ## - PHYSICAL DESCRIPTION
Extent eBook
505 2# - FORMATTED CONTENTS NOTE
Formatted contents note Regeneration -- Remediation -- Joined-up solutions
520 ## - SUMMARY, ETC.
Summary, etc. Describes UK the processes and practices active in UK brownfield regeneration, and the policies driving them. Examines ways that science and social science research can be brought together in order to address the challenges posed by brownfield regeneration. Aims to assess the efficiency and effectiveness of the various strands of regeneration policy. Examines these in practice and attempts to show how problem places can be transformed into residential spaces. Focus is given to the Thames Gateway and Greater Manchester.
521 2# - TARGET AUDIENCE NOTE
Target audience note Advanced
590 ## - LOCAL NOTE (RLIN)
Local note KA
650 24 - SUBJECT ADDED ENTRY--TOPICAL TERM
Topical term or geographic name entry element EBOOK
651 #4 - SUBJECT ADDED ENTRY--GEOGRAPHIC NAME
Geographic name United Kingdom
Chronological subdivision
690 ## - LOCAL SUBJECT ADDED ENTRY--TOPICAL TERM (OCLC, RLIN)
Topical term or geographic name as entry element PROPERTY-PROPERTY MANAGEMENT-REGENERATION
700 1# - ADDED ENTRY--PERSONAL NAME
Personal name Dixon, Tim
Relator term Editor
700 1# - ADDED ENTRY--PERSONAL NAME
Personal name Raco, Mike
700 1# - ADDED ENTRY--PERSONAL NAME
Personal name Catney, Philip
700 1# - ADDED ENTRY--PERSONAL NAME
Personal name Lerner, David N.
856 48 - ELECTRONIC LOCATION AND ACCESS
Uniform Resource Identifier <a href="https://www.vlebooks.com/">https://www.vlebooks.com/</a>
Public note View on VLEbooks. Logins for members only from [email protected]
942 ## - ADDED ENTRY ELEMENTS (KOHA)
Suppress in OPAC 0
Holdings
Withdrawn status Lost status Damaged status Not for loan Home library Current library Shelving location Date acquired Cost, normal purchase price Total Checkouts Full call number Barcode Date last seen Date last checked out Copy number Cost, replacement price Price effective from Koha item type Source of classification or shelving scheme
  Missing from bundle     London London Books 08/01/2008 42.07 10 333.77 DIX 30072749 06/08/2019 06/05/2009 1 42.07 06/08/2019 Book  
        Virtual Virtual Online 23/11/2010 84.21   EBOOK 141393-3001 06/08/2019   1 84.21 06/08/2019 Book Dewey Decimal Classification